[Event "Barcelona Barri Gotic op 2nd"]
[Site "Barcelona"]
[Date "2013.04.15"]
[Round "1.5"]
[White "Gonzalez Rodriguez, Raul Omar"]
[Black "Serra Badia, Lluis"]
[Result "1-0"]
[WhiteElo "2197"]
[BlackElo "1890"]
[PlyCount "49"]
[EventDate "2013.04.15"]
[EventType "swiss"]
[EventRounds "8"]
[EventCountry "ESP"]
[SourceTitle "EXT 2024"]
[Source "ChessBase"]
[SourceDate "2023.10.10"]
[SourceVersion "1"]
[SourceVersionDate "2023.10.10"]
[SourceQuality "1"]

1. d4 d5 2. c4 c6 3. e3 Nf6 4. Bd3 Nbd7 5. Nf3 dxc4 6. Bxc4 Nb6 7. Bb3 Bg4 8. Bxf7+ Kxf7 9. Ne5+ Ke8 10. Nxg4 Qd5 11. 0-0 Nbd7 12. Nc3 Qe6 13. Nxf6+ Nxf6 14. Bd2 h5 15. b4 a6 16. a4 h4 17. h3 g5 18. Qf3 Bg7 19. b5 axb5 20. axb5 Kf7 21. bxc6 bxc6 22. e4 Kg6 23. d5 cxd5 24. exd5 Qd6 25. Rae1 1-0